| 000 | 00524nam a2200169Ia 4500 | ||
|---|---|---|---|
| 008 | 090711s9999 xx 000 0 und d | ||
| 082 | _b28492 | ||
| 100 | _aजोशी Sां. गु. | ||
| 245 | _aजीवनतली अनेक नाती | ||
| 260 | _c1972 | ||
| 300 | _a212 | ||
| 600 | _aजोशी Sां. गु. | ||
| 630 | _aजीवनतली अनेक नाती | ||
| 700 | _aजोशी Sां. गु. | ||
| 730 | _aजीवनतली अनेक नाती | ||
| 942 | _cBOOK | ||
| 999 |
_c289943 _d289943 |
||